[Event "Challenge"]
[Site "http://www.queenalice.com/game.php?id=795559"]
[Date "2010.6.27"]
[Round "-"]
[White "canderson22"]
[Black "twmoore"]
[Result "0-1"]
[WhiteElo "1397"]
[BlackElo "1715"]

1. g3 d5 2. e3 e5 3. c3 Nc6 4. a3 Nf6 5. Bg2 e4 6. Qa4 Bd7 7. Qb5 Qb8 8. Nh3 Nd4
9. Qa5 Nc2+ 10. Kf1 Nxa1 11. Nf4 Bd6 12. h4 Nb3 13. Qb4 Nxc1 14. Qd4 c5 15. Qxf6
gxf6 16. b4 Bb5+ 17. d3 Qc8 18. c4 dxc4 19. Nc3 Bd7 20. Nxe4 Ke7 21. bxc5 Bxc5
22. Nd5+ Kd8 23. Ndxf6 cxd3 24. Ng5 Be6 25. Be4 d2 26. Bc2 Be7 27. Bd1 Bxf6 28.
Ne4 Qc4+ 29. Kg1 Qxe4 30. f3 Qxe3+ 31. Kg2 Nd3 32. Rf1 Ne1+ 33. Kh2 Bxh4 34.
Rxe1 Bxg3+ 35. Kxg3 Rg8+ 36. Kh4 Qh6# 0-1

[Event "AUTO-OPEN-2024"]
[Site "http://www.queenalice.com/game.php?id=796608"]
[Date "2010.6.29"]
[Round "1"]
[White "zemorais"]
[Black "canderson22"]
[Result "1-0"]
[WhiteElo "1695"]
[BlackElo "1361"]

1. e4 e6 2. Nf3 Bc5 3. Bb5 c6 4. Bc4 b5 5. Bb3 Qf6 6. O-O h5 7. d3 h4 8. Bg5 Qg6
9. Bxh4 Qg4 10. Bg3 Ne7 11. Nbd2 Ng6 12. h3 Qh5 13. c3 Nf8 14. d4 Bb6 15. Bh2 g6
16. Qb1 g5 17. Bd1 g4 18. Ne5 Qh6 19. Nxg4 Qxd2 20. Bf3 d5 21. exd5 cxd5 22. Rd1
Qg5 23. Be5 Rg8 24. Nf6+ Kd8 25. Nxg8 Qxg8 26. Rd3 Nfd7 27. Bg3 Nf6 28. Be5 Nbd7
29. Qd1 Ne4 30. Bxe4 dxe4 31. Rg3 Qh7 32. Qg4 b4 33. Qg7 Qxg7 34. Rxg7 f6 35.
Rg8+ Ke7 36. Bg3 f5 37. Bh4+ Nf6 38. Rg7+ Kf8 39. Bxf6 bxc3 40. bxc3 Ba5 41. c4
Bc3 42. Rc1 Ba5 43. d5 Bd2 44. Rc2 Bf4 45. g3 Bc7 46. Rxc7 exd5 47. cxd5 f4 48.
Rxc8+ Rxc8 49. Rxc8+ Kf7 50. Bd4 f3 51. Bxa7 Kf6 52. d6 Ke6 53. Bc5 Kd7 54. Rc7+
Kd8 55. a4 e3 56. fxe3 f2+ 57. Kxf2 1-0

[Event "AUTO-OPEN-2024"]
[Site "http://www.queenalice.com/game.php?id=796609"]
[Date "2010.6.29"]
[Round "1"]
[White "canderson22"]
[Black "zemorais"]
[Result "1-0"]
[WhiteElo "1324"]
[BlackElo "1691"]

1. e3 d5 2. Nh3 Nf6 3. Qf3 c6 4. Ng5 Bg4 5. Qf4 h6 6. Nh3 Nbd7 7. c4 e5 8. Qg3
dxc4 9. f3 Be6 10. Na3 b5 11. f4 exf4 12. Nxf4 g5 13. Nxe6 fxe6 14. Nc2 Bg7 15.
a4 O-O 16. axb5 cxb5 17. Nb4 Ne4 18. Nc6 Nxg3 19. Nxd8 Nxh1 20. Nxe6 Rfe8 21.
Nc7 Nc5 22. Nxe8 Rxe8 23. Rxa7 Nb3 24. Kd1 Nf2+ 25. Kc2 Nd3 26. Bxd3 Nxc1 27.
Bg6 Re6 28. Ra8+ Bf8 29. Bf5 Rf6 30. Be4 Nb3 31. Rb8 Nc5 32. Bd5+ Kg7 33. d4 Nd7
34. Rxb5 Rd6 35. Bxc4 Rc6 36. b3 Bd6 37. h3 Nb6 38. d5 Nxc4 39. dxc6 Nxe3+ 40.
Kd2 Nxg2 41. Rb7+ Kf6 42. c7 Bxc7 43. Rxc7 Nf4 44. Rc6+ Kg7 45. Rc3 Nd5 46. Rc5
Nf4 47. Rc3 Kg6 48. b4 Nd5 49. Rc6+ Kh5 50. b5 Nb4 51. Rd6 g4 52. Rd4 Na2 53.
hxg4+ Kg5 54. b6 h5 55. gxh5 Kxh5 56. b7 1-0

[Event "AUTO-OPEN-2024"]
[Site "http://www.queenalice.com/game.php?id=796618"]
[Date "2010.6.29"]
[Round "1"]
[White "rajneesh"]
[Black "canderson22"]
[Result "1-0"]
[WhiteElo "1191"]
[BlackElo "1356"]

1. e4 e6 2. d4 Qh4 3. Bd3 Nf6 4. Nf3 Bb4+ 5. c3 Qg4 6. cxb4 Nxe4 7. O-O Nf6 8.
Bg5 O-O 9. Bxf6 gxf6 10. Qc2 c6 11. Bxh7+ Kg7 12. h3 Qf5 13. Bxf5 exf5 14. Qxf5
Na6 15. a3 d6 16. Qf4 f5 17. Qxd6 Rd8 18. Qg3+ Kf8 19. Qh4 Be6 20. Nc3 Bc4 21.
Rfe1 Rd7 22. Qh8# 1-0

[Event "AUTO-OPEN-2024"]
[Site "http://www.queenalice.com/game.php?id=796619"]
[Date "2010.6.29"]
[Round "1"]
[White "canderson22"]
[Black "rajneesh"]
[Result "0-1"]
[WhiteElo "1320"]
[BlackElo "1262"]

1. e3 e5 2. Qf3 d5 3. Nh3 Nf6 4. Bb5+ c6 5. Ba4 Bd6 6. c4 Bg4 7. Qg3 e4 8. f3
Bxg3+ 9. hxg3 exf3 10. gxf3 Bxf3 11. cxd5 Bxh1 12. Nc3 Nxd5 13. e4 Qe7 14. Nxd5
Qxe4+ 15. Kf1 Qxd5 16. Nf4 Qc4+ 17. Kg1 Be4 18. d3 Qd4+ 19. Kf1 Bf3 20. Bb3 g5
21. Ne2 Qxd3 22. Bxg5 Qxe2+ 23. Kg1 Qg2# 0-1

[Event "Challenge"]
[Site "http://www.queenalice.com/game.php?id=816520"]
[Date "2010.8.11"]
[Round "-"]
[White "canderson22"]
[Black "twmoore"]
[Result "0-1"]
[WhiteElo "1377"]
[BlackElo "1593"]

1. Nf3 d5 2. Ne5 f6 3. Ng4 e5 4. Nc3 Ne7 5. e4 h5 6. Ne3 d4 7. Ned5 dxc3 8. Nxc3
Nbc6 9. b3 Nd4 10. Ba3 Nec6 11. Bxf8 Kxf8 12. Na4 f5 13. exf5 Bxf5 14. Nc5 Nxc2+
15. Ke2 b6 16. Qxc2 Nd4+ 17. Ke3 Nxc2+ 18. Ke2 Nxa1 19. g4 Bxg4+ 20. Ke3 Qd4#
0-1

[Event "AUTO-OPEN-2126"]
[Site "http://www.queenalice.com/game.php?id=842795"]
[Date "2010.10.7"]
[Round "1"]
[White "canderson22"]
[Black "Gil"]
[Result "0-1"]
[WhiteElo "1369"]
[BlackElo "2123"]

1. g3 d5 2. b3 e5 3. e3 Nc6 4. c4 Nf6 5. cxd5 Nxd5 6. e4 Ndb4 7. a3 Qd4 8. Nc3
Bc5 9. Qf3 Bg4 10. Qxg4 Qxf2+ 0-1

[Event "AUTO-OPEN-2126"]
[Site "http://www.queenalice.com/game.php?id=842824"]
[Date "2010.10.7"]
[Round "1"]
[White "canderson22"]
[Black "Givanildo"]
[Result "0-1"]
[WhiteElo "1355"]
[BlackElo "1573"]

1. g3 e5 2. Bg2 Qf6 3. Nf3 Bc5 4. d3 d6 5. O-O Bg4 6. c3 h6 7. b4 Bb6 8. a4 a5
9. h3 Bf5 10. Nh4 Ne7 11. e4 Bh7 0-1

[Event "AUTO-OPEN-2126"]
[Site "http://www.queenalice.com/game.php?id=842825"]
[Date "2010.10.7"]
[Round "1"]
[White "Givanildo"]
[Black "canderson22"]
[Result "1-0"]
[WhiteElo "1565"]
[BlackElo "1363"]

1. e4 d6 2. Bc4 e6 3. d3 c5 4. Qf3 Nc6 5. c3 Qe7 6. h4 b5 7. Bxb5 Bd7 8. Bg5 f6
9. Bf4 Rb8 10. a4 e5 11. Be3 g5 12. hxg5 1-0

[Event "Challenge"]
[Site "http://www.queenalice.com/game.php?id=942886"]
[Date "2011.5.27"]
[Round "-"]
[White "canderson22"]
[Black "twmoore"]
[Result "0-1"]
[WhiteElo "1276"]
[BlackElo "1781"]

1. e4 e5 2. Nf3 Nc6 3. d4 exd4 4. Bc4 f6 5. O-O d6 6. c3 dxc3 7. bxc3 Qe7 8. Re1
Ne5 9. Nxe5 fxe5 10. g3 Bh3 0-1